Cekalnya Punitha
| Main Author: | |
|---|---|
| Format: | Book |
| Published: |
Petaling Jaya :
Hasrat Murni ,
2010
|
| Series: | Siri melati putih
|
| Subjects: |
MARC
| LEADER | 00000cam a2200000 7i4500 | ||
|---|---|---|---|
| 001 | 0000140381 | ||
| 005 | 20100521.0 | ||
| 020 | |a 9789830603889 | ||
| 090 | 0 | 0 | |a JF |b AME |
| 100 | 0 | |a Amer Haji Matsom |c 1953- | |
| 245 | 1 | 0 | |a Cekalnya Punitha |c Amer Haji Matsom |
| 260 | |a Petaling Jaya : |b Hasrat Murni , |c 2010 | ||
| 300 | |a 46p. : |b ill. ; |c 22cm. | ||
| 490 | 0 | |a Siri melati putih | |
| 650 | 0 | 0 | |a Children's stories, Malay |
| 999 | |a 00233601 |b BUKU |c PINJAMAN |e PERPUSTAKAAN KOMUNITI CAW KOTA DAMANSARA | ||
| 999 | |a 00233602 |b BUKU |c PINJAMAN |e PERPUSTAKAAN KOMUNITI PETALING JAYA | ||